Statistics for Word scramble- pieces of furniture

Click here to take the quiz!

General Stats

  • This quiz has been taken 623 times
  • The average score is 14 of 20

Answer Stats

HintAnswer% Correct
EDBBed
99%
IRHACChair
98%
SKDEDesk
98%
OCUHCCouch
97%
INKSSink
97%
AFSOSofa
97%
LBTEATable
97%
NHEBCBench
94%
FESASafe
84%
ELVO ATSELove Seat
76%
ETSHCChest
75%
LSOTOStool
73%
THUHCHutch
64%
AESOKBOCBookcase
57%
TNCBEAICabinet
41%
ITSVLEOENI TSETelevision Set
38%
AOMTONTOttoman
37%
NGSDIAHTNTNightstand
32%
DSSATHWANWashstand
21%
NRCIRELERecliner
19%

Score Distribution

Percentile by Number Answered

Percent of People with Each Score

Your Score History

You have not taken this quiz